LEADER 02383nam 2200397 450 001 9910816349203321 005 20220521204924.0 010 $a3-8382-7303-6 035 $a(CKB)4100000011381305 035 $a(MiAaPQ)EBC6335851 035 $a(Au-PeEL)EBL6335851 035 $a(OCoLC)1195461940 035 $a(EXLCZ)994100000011381305 100 $a20220521d2020 uy 0 101 0 $ager 135 $aurcnu|||||||| 181 $ctxt$2rdacontent 182 $cc$2rdamedia 183 $acr$2rdacarrier 200 00$aFremdsprachendidaktische Hochschullehre 3.0 alte Methoden - neue Wege? $eInnovatives im Fokus und Bewa?hrtes neu gedacht /$fManuela Franke, Kathleen Plo?tner (Hg.) 210 1$aStuttgart :$cibidem,$d[2020] 210 4$dİ2020 215 $a1 online resource (281 pages) 327 $aIntro -- Kompetenzorientierung (in der Lehramtsausbildung) an deutschen Hochschulen -- Ausbildung von Reflexionskompetenz im fachdidaktischen Studium am Beispiel der romanischen Sprachen an der Freien Universita?t Berlin -- Aktionsforschung als Instrument der Lehrkra?ftebildung: Erfahrungen aus Weiterbildungsprojekten - fu?r die Hochschule neu gedacht -- Individualisierte Lehr- / Lernfo?rderung durch Mentoring-Tandems? Daten und Fakten zu einem fachdidaktischen Pilot-Lehrprojekt -- Mehrsprachigkeit in der Schule - praxisnahe Impulse fu?r die Gestaltung von Seminaren zum sprachenvernetzenden Lehren und Lernen -- Theater und Mehrsprachigkeit -- Das eigene Sprechen erforschen: Lehre an der Schnittstelle von Linguistik, Didaktik und Sprachpraxis im Fach Spanisch -- Digital Humanities und akademisches Schreiben in einer Fremdsprache. Digital Humanities and Multilingual Academic Writing -- Die Fo?rderung des wissenschaftlichen Schreibens im Lehramtsstudium - ein Projekt zwischen den Universita?ten Duisburg-Essen und Tu?bingen -- Der Workshop - die etwas andere Simulation im Lehramtsstudium -- U?ber die Autoren und Autorinnen. 606 $aEducation$xEconomic aspects 615 0$aEducation$xEconomic aspects. 676 $a338.4737 702 $aFranke$b Manuela 702 $aPlo?tner$b Kathleen$f1984- 801 0$bMiAaPQ 801 1$bMiAaPQ 801 2$bMiAaPQ 906 $aBOOK 912 $a9910816349203321 996 $aFremdsprachendidaktische Hochschullehre 3.0 alte Methoden - neue Wege$94080152 997 $aUNINA